| Tag |
First Indicator |
Second Indicator |
Subfields |
| LEADER |
00000cam a22000001 4500 |
| 001 |
in00000052032 |
| 005 |
20151007080253.0 |
| 008 |
710920s1967 caua b 00010 eng |
| 010 |
|
|
|a 67012182
|
| 035 |
|
|
|a (OCoLC)01175647
|
| 035 |
|
|
|9 AAF4531AM
|
| 040 |
|
|
|a DLC
|c DLC
|d TXA
|d UtOrBLW
|
| 049 |
|
|
|a TXAM
|c [464522]
|
| 050 |
0 |
0 |
|a QL750
|b .S3
|
| 082 |
0 |
|
|a 156/.2/08
|
| 092 |
|
|
|a 156
|b S416p
|
| 130 |
0 |
|
|a Scientific American.
|
| 245 |
1 |
0 |
|a Psychobiology: the biological bases of behavior ;
|b readings from Scientific American /
|c With introductions by James L. McGaugh, Norman M. Weinberger [and] Richard E. Whalen.
|
| 264 |
|
1 |
|a San Francisco :
|b W. H. Freeman,
|c [1967]
|
| 300 |
|
|
|a 382 pages :
|b illustrations (part color) ;
|c 29 cm.
|
| 336 |
|
|
|a text
|b txt
|2 rdacontent
|
| 337 |
|
|
|a unmediated
|b n
|2 rdamedia
|
| 338 |
|
|
|a volume
|b nc
|2 rdacarrier
|
| 504 |
|
|
|a "Biographies and bibliographies": pages [367]-378.
|
| 650 |
|
0 |
|a Animal behavior.
|
| 650 |
|
0 |
|a Psychophysiology.
|
| 700 |
1 |
|
|a McGaugh, James L.
|
| 999 |
|
|
|a MARS
|
| 999 |
f |
f |
|s ce570162-5e6d-3b38-bdbb-d8c083d0462d
|i 1f8f8fd4-7352-3998-9178-7b32efa323a0
|t 0
|
| 952 |
f |
f |
|p ric
|a Texas A&M University
|b Rellis Campus
|c Joint Library Facility
|d Remote Storage
|t 0
|e QL750 .S3
|h Library of Congress classification
|i unmediated -- volume
|m A14800527821
|
| 998 |
f |
f |
|a QL750 .S3
|t 0
|l Remote Storage
|